Score 0/8 Timer 03:00
0 Plays Today
% Correct
Czech Republic
83.5%
Central African Republic
77%
Vietnam
74.1%
Dominican Republic
71.2%
Kuwait
64.7%
Egypt
54.7%
Belgium
52.5%
United Kingdom
51.8%
Remove Ads.
Support Sporcle.
Get the best of Sporcle when you Go Orange. This ad-free experience offers more features, more stats, and more fun while also helping to support Sporcle. Thank you for becoming a member.

You're not logged in!

Compare scores with friends on all Sporcle quizzes.
OR
Log In

Show Comments

Extras

Top Quizzes Today


Score Distribution

Your Account Isn't Verified!

In order to create a playlist on Sporcle, you need to verify the email address you used during registration. Go to your Sporcle Settings to finish the process.

Report this User

Report this user for behavior that violates our Community Guidelines.

Details: